[Event "FIN-chT1B 1617"]
[Site "Finland"]
[Date "2016.10.08"]
[Round "3.1"]
[White "Kochyev, Alexander"]
[Black "Dokutchaev, Aleksander"]
[Result "1/2-1/2"]
[WhiteElo "2372"]
[BlackElo "2407"]
[PlyCount "23"]
[EventDate "2016.09.17"]
[EventType "team-tourn"]
[EventRounds "7"]
[EventCountry "FIN"]
[SourceTitle "EXT 2019"]
[Source "ChessBase"]
[SourceDate "2018.10.10"]
[SourceVersion "1"]
[SourceVersionDate "2018.10.10"]
[SourceQuality "1"]
[WhiteTeam "Kotka KymS"]
[BlackTeam "Joensuu SK"]
[WhiteTeamCountry "FIN"]
[BlackTeamCountry "FIN"]

1. Nf3 d5 2. c4 c6 3. d4 Nf6 4. cxd5 cxd5 5. Nc3 Nc6 6. Bf4 Ne4 7. e3 Nxc3 8. bxc3 g6 9. Ne5 Qa5 10. Qd2 Bg7 11. Nxc6 bxc6 12. Bd3 1/2-1/2

[Event "Hamina Bastioni op"]
[Site "Hamina"]
[Date "2016.09.23"]
[Round "1"]
[White "Kochyev, Alexander"]
[Black "Rakhmanov, Alexander"]
[Result "1/2-1/2"]
[WhiteElo "2372"]
[BlackElo "2654"]
[PlyCount "164"]
[EventDate "2016.09.23"]
[EventType "swiss"]
[EventRounds "5"]
[EventCountry "FIN"]
[SourceTitle "CBM 174 Extra"]
[Source "ChessBase"]
[SourceDate "2016.10.10"]
[SourceVersion "1"]
[SourceVersionDate "2016.10.10"]
[SourceQuality "1"]

1. Nf3 Nf6 2. c4 d6 3. d4 g6 4. g3 Bg7 5. Bg2 c6 6. 0-0 0-0 7. Nc3 Bf5 8. b3 Ne4 9. Bb2 Nxc3 10. Bxc3 Be4 11. Rc1 e6 12. e3 d5 13. Bh3 dxc4 14. bxc4 c5 15. Bg2 Nd7 16. Qb3 Qb6 17. Rfd1 Rfd8 18. Ne1 Bxg2 19. Nxg2 cxd4 20. Bxd4 Qxb3 21. axb3 e5 22. Bc3 Nc5 23. b4 Nd3 24. Ra1 e4 25. Bxg7 Kxg7 26. Nf4 Nxb4 27. Rxd8 Rxd8 28. Rxa7 Rd7 29. Ra5 Rd1+ 30. Kg2 Nc2 31. g4 Ne1+ 32. Kg3 Nf3 33. Nh3 h6 34. Rb5 Rd7 35. Nf4 Nd2 36. Rc5 Nf3 37. Rb5 Rd1 38. Nh3 Rc1 39. Rxb7 Rxc4 40. Rb1 g5 41. Ng1 Nh4 42. Ne2 Kg6 43. Rc1 Rxc1 44. Nxc1 h5 45. h3 Nf3 46. gxh5+ Kxh5 47. Nb3 f5 48. Nc5 Kg6 49. Nb7 Kf6 50. Nd6 Ke6 51. Nb5 Kd7 52. Na3 Kc6 53. Nc4 Kc5 54. Na5 Kd5 55. Nb7 Ke5 56. Na5 Kf6 57. Nc4 Kg6 58. Nd6 Nh4 59. Nb5 Nf3 60. Nd6 Kf6 61. Nc4 Ke6 62. Nb6 Kd6 63. Nc4+ Kd5 64. Na5 Nh4 65. Nb3 Ke5 66. Nd4 Ng6 67. Nc6+ Ke6 68. Nd4+ Kf6 69. f3 Ne7 70. h4 f4+ 71. exf4 gxh4+ 72. Kxh4 e3 73. Ne2 Nf5+ 74. Kh3 Ke6 75. Kg4 Kf6 76. Kh3 Kg6 77. Kg2 Kf6 78. Kf1 Ke6 79. Ke1 Kd5 80. Nc3+ Kd4 81. Nd1 Kd3 82. Nxe3 Kxe3 1/2-1/2

[Event "FIN-chT1B 1617"]
[Site "Finland"]
[Date "2016.09.17"]
[Round "1.1"]
[White "Harju, Jukka"]
[Black "Kochyev, Alexander"]
[Result "1/2-1/2"]
[WhiteElo "2057"]
[BlackElo "2372"]
[PlyCount "24"]
[EventDate "2016.09.17"]
[EventType "team-tourn"]
[EventRounds "7"]
[EventCountry "FIN"]
[SourceTitle "EXT 2019"]
[Source "ChessBase"]
[SourceDate "2018.10.10"]
[SourceVersion "1"]
[SourceVersionDate "2018.10.10"]
[SourceQuality "1"]
[WhiteTeam "Tampere Tammer III"]
[BlackTeam "Kotka KymS"]
[WhiteTeamCountry "FIN"]
[BlackTeamCountry "FIN"]

1. f4 Nf6 2. Nf3 g6 3. e3 Bg7 4. d4 0-0 5. c3 d6 6. Bc4 c5 7. 0-0 Qc7 8. Qe2 a6 9. a4 Nbd7 10. Nbd2 e6 11. Bd3 b6 12. e4 cxd4 1/2-1/2

[Event "Lappeenranta We LprSK"]
[Site "Lappeenranta"]
[Date "2015.06.14"]
[Round "4"]
[White "Kochyev, Alexander"]
[Black "Heinola, Vesa Pekka"]
[Result "1/2-1/2"]
[WhiteElo "2351"]
[BlackElo "2174"]
[PlyCount "27"]
[EventDate "2015.06.13"]
[EventType "swiss"]
[EventRounds "5"]
[EventCountry "FIN"]
[SourceTitle "EXT 2022"]
[Source "ChessBase"]
[SourceDate "2021.10.06"]
[SourceVersion "1"]
[SourceVersionDate "2021.10.06"]
[SourceQuality "1"]

1. Nf3 d5 2. g3 Nc6 3. d4 Bg4 4. Bg2 Qd7 5. c4 e6 6. 0-0 0-0-0 7. Nc3 dxc4 8. e3 Kb8 9. Qe2 Nf6 10. Qxc4 Bd6 11. a3 e5 12. d5 Ne7 13. e4 Bh3 14. Be3 1/2-1/2

[Event "Lappeenranta We LprSK"]
[Site "Lappeenranta"]
[Date "2015.06.14"]
[Round "5"]
[White "Nazarova, Anastasia"]
[Black "Kochyev, Alexander"]
[Result "1/2-1/2"]
[WhiteElo "1923"]
[BlackElo "2351"]
[PlyCount "36"]
[EventDate "2015.06.13"]
[EventType "swiss"]
[EventRounds "5"]
[EventCountry "FIN"]
[SourceTitle "EXT 2022"]
[Source "ChessBase"]
[SourceDate "2021.10.06"]
[SourceVersion "1"]
[SourceVersionDate "2021.10.06"]
[SourceQuality "1"]

1. e4 c5 2. Nf3 e6 3. c4 Nc6 4. Nc3 Nf6 5. Be2 Qc7 6. 0-0 a6 7. d4 cxd4 8. Nxd4 Bd6 9. h3 Bf4 10. Bf3 0-0 11. b3 b6 12. Bxf4 Qxf4 13. g3 Qe5 14. Nde2 b5 15. Qd3 bxc4 16. Qxc4 a5 17. Qd3 Bb7 18. Rac1 Rac8 1/2-1/2

[Event "Heart of Finland op 24th"]
[Site "Jyvaskyla"]
[Date "2014.07.10"]
[Round "6"]
[White "Virtanen, Teemu"]
[Black "Kochyev, Alexander"]
[Result "0-1"]
[WhiteElo "1992"]
[BlackElo "2394"]
[PlyCount "102"]
[EventDate "2014.07.07"]
[EventType "swiss"]
[EventRounds "9"]
[EventCountry "FIN"]
[SourceTitle "EXT 2019"]
[Source "ChessBase"]
[SourceDate "2018.10.10"]
[SourceVersion "1"]
[SourceVersionDate "2018.10.10"]
[SourceQuality "1"]

1. e4 c5 2. Nf3 e6 3. c4 Nc6 4. Nc3 Nf6 5. Be2 Qc7 6. 0-0 a6 7. d3 b6 8. Ne1 Nd4 9. Be3 Bb7 10. a3 Be7 11. f4 0-0 12. Rc1 Nxe2+ 13. Qxe2 Bc6 14. b4 d6 15. Nf3 Rfd8 16. Bf2 b5 17. d4 bxc4 18. dxc5 dxc5 19. Qxc4 Qxf4 20. Bg3 Qe3+ 21. Bf2 Qh6 22. Ne5 Bd6 23. Bg3 Bxe5 24. Bxe5 Qe3+ 25. Kh1 Nxe4 26. Nxe4 Qxe4 27. Qxe4 Bxe4 28. Rfe1 f5 29. Rxc5 Ra7 30. Bc3 Rd5 31. Rc8+ Kf7 32. Kg1 Rdd7 33. Rc1 Rac7 34. Rxc7 Rxc7 35. Bd2 Rxc1+ 36. Bxc1 e5 37. g3 Bc6 38. h4 h6 39. Kf2 Kf6 40. Bb2 g5 41. hxg5+ hxg5 42. Ke3 Ke6 43. Kd3 f4 44. gxf4 exf4 45. Bd4 g4 46. Ke2 g3 47. Bb6 f3+ 48. Kf1 Bb5+ 49. Ke1 Kf5 50. Bc5 Kg4 51. Be3 Kh3 0-1

[Event "Heart of Finland op 24th"]
[Site "Jyvaskyla"]
[Date "2014.07.07"]
[Round "1"]
[White "Kochyev, Alexander"]
[Black "Viljava, Tapani"]
[Result "1/2-1/2"]
[WhiteElo "2394"]
[BlackElo "2186"]
[PlyCount "50"]
[EventDate "2014.07.07"]
[EventType "swiss"]
[EventRounds "9"]
[EventCountry "FIN"]
[SourceTitle "CBM 161 Extra"]
[Source "ChessBase"]
[SourceDate "2014.08.29"]
[SourceVersion "1"]
[SourceVersionDate "2014.08.29"]
[SourceQuality "1"]

1. Nf3 c5 2. c4 g6 3. d4 cxd4 4. Nxd4 Nf6 5. Nc3 Nc6 6. e4 Nxd4 7. Qxd4 d6 8. Be3 Bg7 9. f3 0-0 10. Qd2 Bd7 11. Be2 a5 12. 0-0 Bc6 13. b3 Nd7 14. Rab1 Nc5 15. Rfc1 e6 16. Kh1 Be5 17. Bg5 f6 18. Bf4 Bxf4 19. Qxf4 e5 20. Qd2 Ne6 21. Bf1 Nd4 22. Ne2 Nxe2 23. Bxe2 f5 24. exf5 Rxf5 25. Rd1 Rf6 1/2-1/2

[Event "Heart of Finland op 23rd"]
[Site "Jyvaskyla"]
[Date "2013.07.12"]
[Round "7"]
[White "Kochyev, Alexander"]
[Black "Johansson, Jukka"]
[Result "1/2-1/2"]
[WhiteElo "2417"]
[BlackElo "2131"]
[PlyCount "30"]
[EventDate "2013.07.08"]
[EventType "swiss"]
[EventRounds "9"]
[EventCountry "FIN"]
[SourceTitle "CBM 155 Extra"]
[Source "ChessBase"]
[SourceDate "2013.08.26"]
[SourceVersion "1"]
[SourceVersionDate "2013.08.26"]
[SourceQuality "1"]

1. Nf3 Nf6 2. g3 b5 3. Bg2 Bb7 4. 0-0 e6 5. b3 Be7 6. c4 bxc4 7. bxc4 c5 8. Nc3 0-0 9. Rb1 Bc6 10. e3 Qa5 11. Bb2 Na6 12. a3 Rab8 13. Qc2 Nc7 14. d3 Rb6 15. e4 d6 1/2-1/2

[Event "Heart of Finland op 23rd"]
[Site "Jyvaskyla"]
[Date "2013.07.10"]
[Round "4"]
[White "Grinberg, Iosif P"]
[Black "Kochyev, Alexander"]
[Result "0-1"]
[WhiteElo "2138"]
[BlackElo "2417"]
[PlyCount "106"]
[EventDate "2013.07.08"]
[EventType "swiss"]
[EventRounds "9"]
[EventCountry "FIN"]
[SourceTitle "CBM 155 Extra"]
[Source "ChessBase"]
[SourceDate "2013.08.26"]
[SourceVersion "1"]
[SourceVersionDate "2013.08.26"]
[SourceQuality "1"]

1. d4 Nf6 2. c4 g6 3. Nc3 Bg7 4. e4 d6 5. Nf3 0-0 6. Be2 e5 7. 0-0 Nbd7 8. Be3 h6 9. dxe5 dxe5 10. h3 c6 11. Qd2 Kh7 12. Rfd1 Qe7 13. a3 Nc5 14. Qc2 Nh5 15. Bf1 Nf4 16. Kh2 f5 17. b4 Nce6 18. Ra2 Nd4 19. Nxd4 exd4 20. Bxf4 dxc3 21. Be3 Qxe4 22. Kg1 Qxc2 23. Rxc2 f4 24. Bc5 Bf5 25. Bxf8 Bxc2 26. Rc1 Rxf8 27. Rxc2 Rd8 28. Be2 Be5 29. Bf3 Kg7 30. Kf1 Kf6 31. Ke2 Kf5 32. Ke1 h5 33. Ke2 a5 34. Kf1 Rh8 35. h4 Bf6 36. Ke2 Ra8 37. Kd3 Re8 38. Re2 Rxe2 39. Bxe2 axb4 40. axb4 Bxh4 41. Kxc3 Bxf2 42. Bd3+ Kf6 43. b5 cxb5 44. cxb5 g5 45. Be4 b6 46. Kd3 Bc5 47. Ke2 g4 48. Bc6 Kg5 49. Kf1 Kh4 50. Ke2 Kg3 51. Bd5 h4 52. Bc6 h3 53. gxh3 f3+ 0-1

[Event "Heart of Finland op 14th"]
[Site "Jyvaskyla"]
[Date "2004.07.23"]
[Round "6"]
[White "Kochyev, Alexander"]
[Black "Kauppila, Osmo"]
[Result "1/2-1/2"]
[WhiteElo "2427"]
[BlackElo "2267"]
[PlyCount "25"]
[EventDate "2004.07.21"]
[EventType "swiss"]
[EventRounds "9"]
[EventCountry "FIN"]
[SourceTitle "EXT 2007"]
[Source "ChessBase"]
[SourceDate "2006.11.23"]
[SourceVersion "1"]
[SourceVersionDate "2006.11.23"]
[SourceQuality "1"]

1. Nf3 Nf6 2. c4 g6 3. d4 Bg7 4. g3 0-0 5. Bg2 d6 6. 0-0 Bf5 7. b3 Qc8 8. Re1 c6 9. Nh4 Bh3 10. e4 Bxg2 11. Kxg2 c5 12. Nf3 Nc6 13. Bb2 1/2-1/2

[Event "Heart of Finland op 14th"]
[Site "Jyvaskyla"]
[Date "2004.07.22"]
[Round "3"]
[White "Luukkonen, Tommi"]
[Black "Kochyev, Alexander"]
[Result "1/2-1/2"]
[WhiteElo "2226"]
[BlackElo "2427"]
[PlyCount "31"]
[EventDate "2004.07.21"]
[EventType "swiss"]
[EventRounds "9"]
[EventCountry "FIN"]
[SourceTitle "EXT 2007"]
[Source "ChessBase"]
[SourceDate "2006.11.23"]
[SourceVersion "1"]
[SourceVersionDate "2006.11.23"]
[SourceQuality "1"]

1. e4 c5 2. Nf3 Nc6 3. d4 cxd4 4. Nxd4 g6 5. c4 Nf6 6. Nc3 d6 7. Be2 Nxd4 8. Qxd4 Bg7 9. 0-0 0-0 10. Qe3 Be6 11. Bd2 Qb6 12. Qxb6 axb6 13. b3 Rfc8 14. Rac1 Nd7 15. Na4 Nc5 16. Nxc5 1/2-1/2

[Event "Chigorin Memorial-A 10th"]
[Site "St Petersburg"]
[Date "2002.11.03"]
[Round "9"]
[White "Zontakh, Andrey"]
[Black "Kochyev, Alexander"]
[Result "1-0"]
[WhiteElo "2503"]
[BlackElo "2415"]
[PlyCount "67"]
[EventDate "2002.10.25"]
[EventType "swiss"]
[EventRounds "9"]
[EventCountry "RUS"]
[SourceTitle "EXT 2003"]
[Source "ChessBase"]
[SourceDate "2002.11.25"]
[SourceVersion "1"]
[SourceVersionDate "2002.11.25"]
[SourceQuality "1"]

1. e4 e5 2. Nf3 Nf6 3. Nxe5 d6 4. Nf3 Nxe4 5. d4 d5 6. Bd3 Bd6 7. 0-0 0-0 8. c4 c6 9. Qc2 Na6 10. a3 f5 11. Nc3 Nc7 12. b4 Kh8 13. Bb2 Bd7 14. Ne5 Be8 15. Ne2 Qg5 16. Kh1 Qh4 17. g3 Qf6 18. f3 Ng5 19. Nf4 Nge6 20. Nxe6 Nxe6 21. f4 Rd8 22. c5 Bc7 23. a4 a6 24. Rae1 Bh5 25. Qf2 Qh6 26. Bc1 Qf6 27. h3 Bg6 28. Bd2 Kg8 29. g4 Rfe8 30. h4 Re7 31. h5 Be8 32. Bxf5 Nxd4 33. Qxd4 Qh4+ 34. Kg2 1-0

[Event "Chigorin Memorial-A 10th"]
[Site "St Petersburg"]
[Date "2002.11.02"]
[Round "8"]
[White "Kochyev, Alexander"]
[Black "Pridorozhni, Aleksei"]
[Result "1-0"]
[WhiteElo "2415"]
[BlackElo "2475"]
[PlyCount "81"]
[EventDate "2002.10.25"]
[EventType "swiss"]
[EventRounds "9"]
[EventCountry "RUS"]
[SourceTitle "EXT 2003"]
[Source "ChessBase"]
[SourceDate "2002.11.25"]
[SourceVersion "1"]
[SourceVersionDate "2002.11.25"]
[SourceQuality "1"]

1. Nf3 c5 2. c4 Nc6 3. Nc3 g6 4. e3 Bg7 5. d4 cxd4 6. exd4 d6 7. d5 Nb8 8. Be2 Nf6 9. 0-0 0-0 10. Nd4 Nbd7 11. Re1 a5 12. Be3 Nc5 13. Ndb5 Bd7 14. Bd4 Rc8 15. Bf1 Bf5 16. h3 h5 17. a3 e5 18. dxe6 Nxe6 19. Be3 Rc6 20. Nd4 Nxd4 21. Bxd4 Be6 22. b3 Ne8 23. Bxg7 Nxg7 24. Qd2 Nf5 25. Ne4 Ng7 26. Rad1 a4 27. Qf4 Ne8 28. b4 Bf5 29. b5 Rc8 30. Nxd6 Nxd6 31. Rxd6 Qa5 32. Re5 Rcd8 33. b6 Qa8 34. Rf6 Bc2 35. Re7 Bf5 36. Rxf5 gxf5 37. Qg5+ Kh8 38. Qxh5+ Kg7 39. Qg5+ Kh8 40. Qh6+ Kg8 41. Re3 1-0

[Event "Chigorin Memorial-A 10th"]
[Site "St Petersburg"]
[Date "2002.11.01"]
[Round "7"]
[White "Smirnov, Pavel"]
[Black "Kochyev, Alexander"]
[Result "1-0"]
[WhiteElo "2562"]
[BlackElo "2415"]
[PlyCount "73"]
[EventDate "2002.10.25"]
[EventType "swiss"]
[EventRounds "9"]
[EventCountry "RUS"]
[SourceTitle "EXT 2003"]
[Source "ChessBase"]
[SourceDate "2002.11.25"]
[SourceVersion "1"]
[SourceVersionDate "2002.11.25"]
[SourceQuality "1"]

1. e4 c5 2. Nf3 Nc6 3. d4 cxd4 4. Nxd4 g6 5. Nc3 Bg7 6. Be3 Nf6 7. Bc4 0-0 8. Bb3 a5 9. 0-0 a4 10. Nxa4 Nxe4 11. Nb5 Ra6 12. c4 Na5 13. Bc2 Nf6 14. Qe2 d6 15. Rad1 Bd7 16. c5 d5 17. Nb6 Nc4 18. Nxd5 Nxb2 19. Nxf6+ Bxf6 20. Rd2 Bxb5 21. Qxb5 Qa5 22. Qb3 Na4 23. Qc4 Qc3 24. Qd5 b5 25. Bb3 Kg7 26. Rc2 Qa5 27. Rfc1 b4 28. Qc4 Nc3 29. c6 Nb5 30. c7 Raa8 31. Rd2 Nc3 32. Rd7 Qf5 33. Rd2 Rac8 34. Re1 e6 35. Qxb4 Rxc7 36. Bh6+ Kxh6 37. Qxf8+ 1-0

[Event "Chigorin Memorial-A 10th"]
[Site "St Petersburg"]
[Date "2002.10.29"]
[Round "5"]
[White "Firman, Nazar"]
[Black "Kochyev, Alexander"]
[Result "1/2-1/2"]
[WhiteElo "2508"]
[BlackElo "2415"]
[PlyCount "45"]
[EventDate "2002.10.25"]
[EventType "swiss"]
[EventRounds "9"]
[EventCountry "RUS"]
[SourceTitle "EXT 2003"]
[Source "ChessBase"]
[SourceDate "2002.11.25"]
[SourceVersion "1"]
[SourceVersionDate "2002.11.25"]
[SourceQuality "1"]

1. e4 c5 2. Nf3 Nc6 3. d4 cxd4 4. Nxd4 g6 5. Nc3 Bg7 6. Be3 Nf6 7. Nxc6 bxc6 8. e5 Ng8 9. f4 Nh6 10. Be2 0-0 11. 0-0 d6 12. exd6 exd6 13. Bd4 Bxd4+ 14. Qxd4 Qb6 15. Qxb6 axb6 16. Bf3 d5 17. b4 Bg4 18. b5 Bxf3 19. Rxf3 d4 20. Ne4 cxb5 21. Nd6 Rfd8 22. Nxb5 Rac8 23. c3 1/2-1/2

[Event "Heart of Finland op 12th"]
[Site "Jyvaskyla"]
[Date "2002.??.??"]
[Round "2"]
[White "Pyylampi, Sauli"]
[Black "Kochyev, Alexander"]
[Result "0-1"]
[WhiteElo "2099"]
[BlackElo "2419"]
[PlyCount "90"]
[EventDate "2002.09.??"]
[EventType "swiss"]
[EventRounds "9"]
[EventCountry "FIN"]
[SourceTitle "EXT 2004"]
[Source "ChessBase"]
[SourceDate "2003.11.25"]
[SourceVersion "1"]
[SourceVersionDate "2003.11.25"]
[SourceQuality "1"]

1. d4 Nf6 2. c4 g6 3. Nc3 Bg7 4. e4 d6 5. Bd3 0-0 6. Nge2 Nc6 7. 0-0 e5 8. d5 Ne7 9. f3 Nd7 10. Be3 f5 11. g3 Nf6 12. Qd2 fxe4 13. Nxe4 Nf5 14. Bg5 c6 15. Nxf6+ Bxf6 16. Bxf6 Rxf6 17. Nc3 Nd4 18. Be4 c5 19. f4 exf4 20. Rxf4 Bh3 21. Bg2 Rxf4 22. Qxf4 Bf5 23. Rf1 Qe7 24. h4 Bd3 25. Qf6 Qxf6 26. Rxf6 Rd8 27. b3 Kg7 28. Rf2 Re8 29. Kh2 a6 30. Kh3 b5 31. cxb5 axb5 32. Bf1 Bxf1+ 33. Rxf1 b4 34. Nd1 Re5 35. Rf2 h5 36. g4 Rxd5 37. Ne3 Re5 38. Nc4 hxg4+ 39. Kxg4 Re4+ 40. Rf4 Re6 41. Kg5 d5 42. Nb2 Re2 43. Rxd4 cxd4 44. Nd3 Re3 45. Nxb4 d3 0-1

[Event "Chigorin Memorial 09th"]
[Site "St Petersburg"]
[Date "2001.10.29"]
[Round "4"]
[White "Kochyev, Alexander"]
[Black "Krapivin, Vladislav"]
[Result "1/2-1/2"]
[WhiteElo "2412"]
[BlackElo "2318"]
[PlyCount "23"]
[EventDate "2001.10.26"]
[EventType "swiss"]
[EventRounds "9"]
[EventCountry "RUS"]
[SourceTitle "EXT 2002"]
[Source "ChessBase"]
[SourceDate "2001.11.25"]
[SourceVersion "1"]
[SourceVersionDate "2001.11.25"]
[SourceQuality "1"]

1. Nf3 Nf6 2. d4 g6 3. Bg5 Bg7 4. Nbd2 d5 5. e3 h6 6. Bh4 0-0 7. c3 c6 8. Be2 Bg4 9. Qb3 Qb6 10. h3 Bxf3 11. Bxf3 Nbd7 12. 0-0 1/2-1/2

[Event "Heart of Finland op 11th"]
[Site "Jyvaskyla"]
[Date "2001.07.21"]
[Round "7"]
[White "Luukkonen, Tommi"]
[Black "Kochyev, Alexander"]
[Result "0-1"]
[WhiteElo "2203"]
[BlackElo "2424"]
[PlyCount "74"]
[EventDate "2001.07.??"]
[EventType "swiss"]
[EventRounds "9"]
[EventCountry "FIN"]
[SourceTitle "EXT 2002"]
[Source "ChessBase"]
[SourceDate "2001.11.25"]
[SourceVersion "1"]
[SourceVersionDate "2001.11.25"]
[SourceQuality "1"]

1. e4 g6 2. d4 Bg7 3. Nc3 d6 4. Be3 c6 5. a4 Nf6 6. h3 0-0 7. Nf3 b6 8. Be2 Na6 9. 0-0 Nc7 10. d5 Bb7 11. dxc6 Bxc6 12. Qd3 Nd7 13. Bd4 Bh6 14. Nh2 Ne5 15. Qg3 Ne6 16. Be3 Bg7 17. Rad1 Nc5 18. f4 Ned7 19. e5 dxe5 20. f5 e6 21. Bc4 exf5 22. Bg5 f4 23. Qh4 Qe8 24. Rd6 Rc8 25. Ng4 Kh8 26. Be7 f5 27. b4 fxg4 28. bxc5 gxh3 29. Bxf8 Bxf8 30. Nd5 hxg2 31. Rf3 Bxd6 32. cxd6 Bxd5 33. Bxd5 Qd8 34. Qh6 Nf6 35. Be6 Rc6 36. Qg5 Kg7 37. Rh3 Rxd6 0-1

[Event "Heart of Finland op 11th"]
[Site "Jyvaskyla"]
[Date "2001.07.10"]
[Round "4"]
[White "Kochyev, Alexander"]
[Black "Meskanen, Vesa"]
[Result "1/2-1/2"]
[WhiteElo "2424"]
[BlackElo "2166"]
[PlyCount "77"]
[EventDate "2001.07.??"]
[EventType "swiss"]
[EventRounds "9"]
[EventCountry "FIN"]
[SourceTitle "EXT 2002"]
[Source "ChessBase"]
[SourceDate "2001.11.25"]
[SourceVersion "1"]
[SourceVersionDate "2001.11.25"]
[SourceQuality "1"]

1. Nf3 c5 2. e4 d6 3. Bb5+ Nd7 4. c3 a6 5. Ba4 b5 6. Bc2 g6 7. 0-0 Bg7 8. d4 Qc7 9. a4 Rb8 10. axb5 axb5 11. Re1 e5 12. b4 cxd4 13. cxd4 Ne7 14. Be3 0-0 15. Na3 d5 16. Bg5 Nc6 17. exd5 Nxb4 18. Be7 Nxd5 19. Bxf8 Kxf8 20. dxe5 Nc3 21. Qd4 Bb7 22. Qb4+ Kg8 23. e6 fxe6 24. Ng5 Qc6 25. Qg4 Re8 26. Nxh7 Ne5 27. Rxe5 Bxe5 28. Re1 Bg7 29. Qxg6 Re7 30. Nf6+ Kf8 31. Nh7+ Kg8 32. Re3 b4 33. Nf6+ Kf8 34. Nh7+ Kg8 35. Rf3 Qxf3 36. gxf3 bxa3 37. Nf6+ Kf8 38. Nh7+ Kg8 39. Nf6+ 1/2-1/2

[Event "St Petersburg White Nights op"]
[Site "St Petersburg"]
[Date "2001.06.16"]
[Round "8"]
[White "Kochyev, Alexander"]
[Black "Inarkiev, Ernesto"]
[Result "1/2-1/2"]
[WhiteElo "2424"]
[BlackElo "2469"]
[PlyCount "118"]
[EventDate "2001.06.09"]
[EventType "swiss"]
[EventRounds "9"]
[EventCountry "RUS"]
[SourceTitle "CBM 082 Extra"]
[Source "ChessBase"]
[SourceDate "2001.07.03"]
[SourceVersion "1"]
[SourceVersionDate "2001.07.03"]
[SourceQuality "1"]

1. d4 g6 2. e4 Bg7 3. Nc3 d6 4. Be3 Nd7 5. Qd2 c6 6. f4 b5 7. Nf3 Nb6 8. b3 Nf6 9. Bd3 0-0 10. f5 b4 11. Ne2 gxf5 12. exf5 Kh8 13. h3 Bb7 14. Bh6 Rg8 15. Bxg7+ Rxg7 16. g4 c5 17. Rf1 Rc8 18. dxc5 dxc5 19. 0-0-0 Qc7 20. g5 Nfd7 21. f6 exf6 22. gxf6 Nxf6 23. Qh6 c4 24. Bf5 Ng8 25. Qh4 Re8 26. Nfd4 Qe7 27. Qxe7 Rxe7 28. Nf4 Nh6 29. Rde1 Nd5 30. Rxe7 Nxe7 31. Bd7 c3 32. a3 a5 33. axb4 axb4 34. Nd3 Ba6 35. Bb5 Bxb5 36. Nxb5 Nd5 37. Nd4 Rg6 38. Kb1 Kg7 39. Rd1 Ng8 40. Nf5+ Kf8 41. Re1 Rf6 42. Re5 Nge7 43. Nxe7 Nxe7 44. Nxb4 Rf3 45. Rh5 Kg7 46. Nd3 Nf5 47. Rg5+ Kf6 48. Rg4 Rf1+ 49. Ka2 Ne3 50. Re4 Nxc2 51. b4 Rd1 52. Kb3 Rxd3 53. Kxc2 Rxh3 54. b5 Rg3 55. b6 Rg8 56. Kxc3 Rb8 57. Rb4 Ke6 58. Kc4 f5 59. Kc5 Ke5 1/2-1/2

[Event "St Petersburg White Nights op"]
[Site "St Petersburg"]
[Date "2001.06.13"]
[Round "5"]
[White "Sivokho, Sergey V"]
[Black "Kochyev, Alexander"]
[Result "1-0"]
[WhiteElo "2476"]
[BlackElo "2424"]
[PlyCount "53"]
[EventDate "2001.06.09"]
[EventType "swiss"]
[EventRounds "9"]
[EventCountry "RUS"]
[SourceTitle "CBM 082 Extra"]
[Source "ChessBase"]
[SourceDate "2001.07.03"]
[SourceVersion "1"]
[SourceVersionDate "2001.07.03"]
[SourceQuality "1"]

1. e4 e5 2. Nf3 Nf6 3. d4 Nxe4 4. Bd3 d5 5. Nxe5 Bd6 6. 0-0 0-0 7. c4 Bxe5 8. dxe5 Nc6 9. cxd5 Qxd5 10. Qc2 Nb4 11. Bxe4 Nxc2 12. Bxd5 Bf5 13. g4 Bxg4 14. Bf4 Nxa1 15. Be4 f5 16. Bd5+ Kh8 17. Rc1 Rad8 18. Nc3 b5 19. e6 b4 20. e7 bxc3 21. exf8Q+ Rxf8 22. Rxa1 Rd8 23. Bb3 cxb2 24. Rb1 Rd4 25. Be3 Rb4 26. Rxb2 Bh3 27. f4 1-0